Statistics for Nancy Cartwright Filmography

Click here to take the quiz!

General Stats

  • This quiz has been taken 7 times
    (3 since last reset)
  • The average score is 63 of 187

Answer Stats

TypeYearName% Correct
TV Show1989-PresentThe Simpsons
100%
Film2007The Simpsons Movie
100%
TV Show1994Aladdin
67%
Music Video1991Black or White
67%
Music Video1990Do the Bartman
67%
TV Show2005, 2014Family Guy
67%
TV Show1992Goof Troop
67%
TV Film2019Kim Possible
67%
TV Show2002-2007Kim Possible
67%
TV Show2003, 2004, 2005Lilo & Stitch: The Series
67%
TV Short1984My Little Pony
67%
TV Show1986My Little Pony 'n Friends
67%
Film1986My Little Pony: The Movie
67%
Web Series2021-PresentRugrats
67%
TV Show1992-2006Rugrats
67%
Video Game1999Simpsons Bowling
67%
Film1998The Land Before Time VI: The Secret of Saurus Rock
67%
TV Documentary2010The Simpsons 20th Anniversary Special - in 3-D! On Ice!
67%
Video Game1991The Simpsons Arcade Game
67%
Video Game2007The Simpsons Game
67%
Video Game2003The Simpsons: Hit & Run
67%
Theme Park Attraction2008-PresentThe Simpsons Ride
67%
Video Game2001The Simpsons: Road Rage
67%
Video Game2002The Simpsons Skateboarding
67%
TV Show200724
33%
Award Show199042nd Primetime Emmy Awards
33%
TV Show1984, 1985, 1989, 1994ABC Weekend Specials
33%
TV Show2003-2008All Grown Up!
33%
TV Show1984-1985Alvin and the Chipmunks
33%
TV Show2013American Dad!
33%
Web Series2021Animaniacs
33%
TV Show1993-1996Animaniacs
33%
Video Game1998Animaniacs: Ten Pin Alley
33%
Film1996Around the World with Timon & Pumbaa
33%
Film1989Asterix and the Big Fight
33%
Short Film2021Balenciaga
33%
TV Show1995Baywatch Nights
33%
TV Show2007-2010Betsy's Kindergarten Adventures
33%
TV Special1991Big Bird's Birthday or Let Me Eat Cake
33%
TV Show1999Big Guy and Rusty the Boy Robot
33%
TV Show1990, 1993Bobby's World
33%
TV Show1993Bonkers
33%
TV Show1986Bridges to Cross
33%
Commercial1989-2004Butterfinger
33%
TV Pilot1988Chain Letter
33%
TV Show1985Cheers
33%
TV Show1999Crashbox
33%
Short Film2000CyberWorld
33%
TV Film1983Deadly Lessons
33%
Video2020Dear Class of 2020
33%
Music Video1991Deep Deep Trouble
33%
TV Show1989Dink, the Little Dinosaur
33%
Video Game2004Disney's Kim Possible 2: Drakken's Demise
33%
TV Film2005Disney's Kim Possible Movie: So the Drama
33%
TV Show1993Droopy: Master Detective
33%
TV Show1989Empty Nest
33%
TV Show1983, 1984Fame
33%
TV Show1988-1990Fantastic Max
33%
TV Show1980-1984Fat Albert and the Cosby Kids
33%
Film1985Flesh and Blood
33%
Film2001Friends Are Forever: Tales of the Little Princess
33%
TV Show1999Futurama
33%
TV Show1986Galaxy High School
33%
TV Show2000God, the Devil and Bob
33%
Film1998Godzilla
33%
TV Short1992Goof Troop Christmas
33%
Film1985Heaven Help Us
33%
Documentary2013I Know That Voice
33%
Film2017In Search of Fellini
33%
TV Mini-Series2019Kim Hushable
33%
TV Film2003Kim Possible: A Sitch in Time
33%
Film2003Kim Possible: The Secret Files
33%
Short Film2015Lennon
33%
TV Film2006Leroy & Stitch
33%
Film1989Little Nemo: Adventures in Slumberland
33%
TV Film1982Marian Rose White
33%
TV Show1999Mike, Lu & Og
33%
TV Show1983Monchhichi
33%
TV Show1987Mr. Belvedere
33%
Video Game2003Nickelodeon Toon Twister 3D
33%
TV Film1985Not My Kid
33%
TV Show1998Oh Yeah! Cartoons
33%
TV Show1987Our House
33%
Short Film1992Petal to the Metal
33%
TV Show1998Pinky and the Brain
33%
TV Show1998-1999Pinky, Elmyra & the Brain
33%
TV Short1997PJ Bunny: A Very Cool Easter
33%
TV Short2016Planet of the Couches
33%
TV Show1987Popeye and Son
33%
TV Show2015Portlandia
33%
TV Show1986-1987Pound Puppies
33%
Film1988Pound Puppies and the Legend of Big Paw
33%
TV Film1993Precious Victims
33%
TV Show1993-1994Problem Child
33%
Video Game1998Putt-Putt Enters the Race
33%
Video Game2000Putt-Putt Joins the Circus
33%
TV Special2002Rapsittie Street Kids: Believe in Santa
33%
TV Show1992Raw Toonage
33%
TV Show1980-1983Richie Rich
33%
Film2003Rugrats Go Wild
33%
Video Game2002Rugrats: Royal Ransom
33%
TV Show1984-1985Saturday Supercade
33%
TV Show1991-1999Sesame Street
33%
TV Film1993Sesame Street Jam: A Musical Celebration
33%
TV Show1983-1985Shirt Tales
33%
TV Film1981Skokie
33%
TV Show1984-1988Snorks
33%
Short Film2008Struck
33%
TV Show1988Superman
33%
TV Show2002Teacher's Pet
33%
Video Game1995TerraTopia
33%
TV Show2014The 7D
33%
TV Show1989The Adventures of Raggedy Ann & Andy
33%
TV Short1988The Canterville Ghost
33%
Film1987The Chipmunk Adventure
33%
TV Show2010The Cleveland Show
33%
TV Show1994-1995The Critic
33%
TV Show2007The Disney Channel Games
33%
TV Show1995The Fresh Prince of Bel-Air
33%
TV Show1986The Glo Friends
33%
Short Film2021The Good, the Bart, and the Loki
33%
Short Film1988The Great O'Grady
33%
Film1998The Jungle Book: Mowgli's Story
33%
TV Show2005The Kellys
33%
Film1989The Little Mermaid
33%
TV Show1994-1996The Pink Panther
33%
TV Show2006-2009The Replacements
33%
TV Show1980-1981The Ri¢hie Ri¢h/Scooby-Doo Show
33%
TV Film1982The Rules of Marriage
33%
Film2002The Simpsons: Backstage Pass
33%
Video Game1992The Simpsons: Bart's Nightmare
33%
Video Game1991The Simpsons: Bart vs. the Space Mutants
33%
Video Game1996The Simpsons: Cartoon Studio
33%
TV Short2005The Simpsons' Christmas Message
33%
TV Short1988The Simpsons: Family Portrait
33%
TV Short1989The Simpsons: Family Therapy
33%
Short Film2021The Simpsons in Plusaversary
33%
Short Film2022The Simpsons Meet the Bocellis in Feliz Navidad
33%
Film2014The Simpsons Take the Bowl
33%
Video Game2012The Simpsons: Tapped Out
33%
Video Game1997The Simpsons: Virtual Springfield
33%
Short Film2022The Simpsons: Welcome to the Club
33%
Video Game2001The Simpsons Wrestling
33%
TV Show1987-1989The Tracey Ullman Show
33%
TV Show1995The Twisted Tales of Felix the Cat
33%
TV Short1990The Yum Yums: The Day Things Went Sour
33%
TV Show2012The Zula Patrol
33%
Film2001Timber Wolf
33%
TV Show1990Timeless Tales from Hallmark
33%
TV Show1995Timon & Pumbaa
33%
TV Show1992Tom & Jerry Kids Show
33%
TV Show1998Toonsylvania
33%
TV Show2017, 2018Top Wing
33%
TV Show1982Tucker's Witch
33%
TV Show1989TV 101
33%
Film1983Twilight Zone: The Movie
33%
Video Game1994Virtual Bart
33%
TV Film1996Vows of Deception
33%
Film1999Wakko's Wish
33%
TV Show1998What a Cartoon!
33%
Short Film2022When Billie Met Lisa
33%
Film1988Who Framed Roger Rabbit
33%
Film1988Yellow Pages
33%
Film1989All Dogs Go to Heaven
0%
TV Show2007American Idol
0%
Audiobook1996Attack of the Mutant
0%
TV Short1987Christmas Every Day
0%
Video Game2000Disney's 102 Dalmatians: Puppies to the Rescue
0%
Short Film1990Disney Sing-Along-Songs: Disneyland Fun
0%
Short Film1986Disney Sing-Along-Songs: Zip-a-Dee-Doo-Dah
0%
TV Special2012FOX 25th Anniversary Special
0%
TV Show1999Fully Booked
0%
TV Show2004-2008Groovy Girls
0%
TV Show2000Hollywood Squares
0%
Music Video2011Judas
0%
Music Video1991Monster in the Mirror
0%
TV Mini-Series2021Nick Shorts Showcase
0%
Short TV Documentary1988Pen Pals
0%
TV Show2007Random! Cartoons
0%
Video Game2001Rugrats: All Growed Up
0%
TV Film1996Suddenly
0%
Music Video2010Telephone
0%
TV Show1980The Adventures of Tom Sawyer
0%
Film2002The Simpsons Film Festival
0%
Short Film2022The Simpsons: Nazis on Tap
0%
TV Show1995The Spooktacular New Adventures of Casper
0%
Short Film1994Yakko's World: An Animaniacs Singalong
0%

Score Distribution

Percentile by Number Answered

Percent of People with Each Score

Your Score History

You have not taken this quiz since the last reset